000 00483cam a2200193ua 4500
001 5089
005 20260515113831.0
008 120303n ii |||gr||||Z||||||eng
040 _cMAIN
082 _a300
100 _aJames, R. A. Scott,
_eAuthor.,
245 1 1 _aMaking of literature
_cby R. A. Scott James
250 _a1st.
260 _aBareilly:
_bPrakash book depot.
300 _a130p:
_c23cm.
653 _aSocial sciences
700 _aMehta, P. P.,
_eEditor,
942 _cBK
999 _c4269
_d4269